| 000 | 00351nam a22001337a 4500 | ||
|---|---|---|---|
| 020 | _a9788131766804 | ||
| 082 |
_a621.7 _bGOU/MA |
||
| 100 |
_aGould,Frederick E. _9660 |
||
| 245 | _aManaging The Constuction Pricess: Estimating,Scheduling,and Project Control | ||
| 250 | _a4 th | ||
| 260 |
_aNew Delhi _bPearson _c2012 |
||
| 300 | _a290.00 | ||
| 942 | _cBK | ||
| 999 |
_c14408 _d14408 |
||